|
|
|
|
| LEADER |
00926nam a2200253 a 4500 |
| 001 |
28730 |
| 003 |
BD-DhAAL |
| 005 |
20141230114715.0 |
| 008 |
141230t19991994enk 000 1 eng d |
| 020 |
|
|
|a 9780099759911
|
| 040 |
|
|
|a BD-DhAAL
|c BD-DhAAL
|d BD-DhAAL
|
| 082 |
0 |
0 |
|a 813/.54
|2 20
|
| 100 |
1 |
|
|a Morrison, Toni.
|9 7007
|
| 245 |
1 |
4 |
|a The bluest eye /
|c Toni Morrison.
|
| 260 |
|
|
|a London :
|b Vintage,
|c 1994.
|
| 300 |
|
|
|a 172 p. ;
|c 20 cm.
|
| 541 |
1 |
|
|e 28730
|
| 650 |
|
0 |
|a African Americans
|v Fiction.
|9 7008
|
| 650 |
|
0 |
|a Girls
|v Fiction.
|9 7009
|
| 651 |
|
0 |
|a Ohio
|v Fiction.
|9 7010
|
| 852 |
4 |
|
|a Ayesha Abed Library
|j General shelf
|
| 942 |
|
|
|2 ddc
|c BK
|
| 999 |
|
|
|c 33357
|d 33357
|
| 952 |
|
|
|0 0
|1 0
|2 ddc
|4 0
|6 813_540000000000000_MOR
|7 0
|9 44555
|a BRACUL
|b BRACUL
|c GEN
|d 2014-12-30
|e BRAC Institute of Language (BIL)
|l 10
|m 30
|o 813.54 MOR
|p 3010028730
|q 2026-06-02
|r 2026-04-26
|s 2026-04-26
|t 1
|w 2014-12-30
|y BK
|x Transferred from BIL to BRACUL on 06/06/22
|